[Event "3FoglarVeterans_SIM_C"]
[Site "?"]
[Date "2007.??.??"]
[Round "?"]
[White "Pecka, Josef"]
[Black "Vrbica, Ladislav"]
[Result "0-1"]
[WhiteElo "2330"]
[BlackElo "2348"]
[PlyCount "108"]
[EventDate "2007.??.??"]
[EventType "corr"]
[SourceDate "2007.05.17"]

1. e4 c5 2. Nf3 d6 3. d4 cxd4 4. Nxd4 Nf6 5. Nc3 a6 6. Bg5 e6 7. f4 Nbd7 8. Qf3
Qc7 9. O-O-O b5 10. Bxb5 axb5 11. Ndxb5 Qb8 12. e5 Bb7 13. Qe2 dxe5 14. Qc4 Bc5
15. Bxf6 gxf6 16. Rxd7 Be3+ 17. Kb1 Kxd7 18. Rd1+ Ke7 19. Qb4+ Ke8 20. Nd6+ Kf8
21. Nf5+ Kg8 22. Nxe3 Bc6 23. Qxb8+ Rxb8 24. fxe5 fxe5 25. Ng4 e4 26. Ne5 Ba8
27. Rd7 Rb7 28. Rd8+ Kg7 29. Rxh8 Kxh8 30. Nxe4 Ra7 31. Nc5 Bxg2 32. b4 Kg7 33.
a4 Kf6 34. Nc4 Ke7 35. Kc1 f5 36. Kd2 Ra8 37. a5 Rg8 38. a6 Bd5 39. Nb6 Bc6 40.
a7 f4 41. Nc4 Rg5 42. h4 Rg2+ 43. Kd3 Rg8 44. Ne5 Ba8 45. c4 Rg3+ 46. Kd4 Rg2
47. b5 f3 48. Nxf3 Rg4+ 49. Kc3 Bxf3 50. b6 Rg1 51. Nd3 Ba8 52. c5 Rg3 53. Kd4
Rxd3+ 54. Kxd3 e5 0-1

[Event "3FoglarVeterans_SIM_C"]
[Site "?"]
[Date "2007.??.??"]
[Round "?"]
[White "Kuta, Jiri"]
[Black "Pecka, Josef"]
[Result "1/2-1/2"]
[WhiteElo "2349"]
[BlackElo "2330"]
[PlyCount "51"]
[EventDate "2007.??.??"]
[EventType "corr"]
[SourceDate "2007.05.17"]

1. d4 Nf6 2. c4 g6 3. Nc3 Bg7 4. e4 d6 5. f3 O-O 6. Be3 c5 7. dxc5 dxc5 8. Qxd8
Rxd8 9. Bxc5 Nc6 10. Ba3 a5 11. Rd1 Be6 12. Nd5 Nb4 13. Nxe7+ Kh8 14. Nd5 Nc2+
15. Kf2 Nxa3 16. bxa3 b5 17. Nh3 Rac8 18. Be2 bxc4 19. Ndf4 Rxd1 20. Rxd1 Bxh3
21. Nxh3 c3 22. Rc1 Nd7 23. Bb5 Nc5 24. Ke3 Rd8 25. Rc2 Rd1 26. Ng5 1/2-1/2

[Event "3FoglarVeterans_SIM_C"]
[Site "?"]
[Date "2007.??.??"]
[Round "?"]
[White "Grabner, Helmut"]
[Black "Novak, Vratislav"]
[Result "1-0"]
[WhiteElo "2319"]
[BlackElo "2289"]
[PlyCount "99"]
[EventDate "2007.??.??"]
[EventType "corr"]
[SourceDate "2007.05.17"]

1. e4 e5 2. Nf3 Nc6 3. Bb5 a6 4. Ba4 Nf6 5. O-O Be7 6. Re1 b5 7. Bb3 O-O 8. h3
d6 9. c3 Na5 10. Bc2 c5 11. d4 cxd4 12. cxd4 Bb7 13. d5 Nc4 14. a4 bxa4 15. Bd3
Nb6 16. Nc3 Nfd7 17. Be3 Kh8 18. Nxa4 Nxa4 19. Rxa4 f5 20. Rb4 fxe4 21. Bxe4
Bc8 22. Qd2 a5 23. Ra1 Nf6 24. Bc2 Bf5 25. Rb5 Qe8 26. Rbxa5 Rxa5 27. Rxa5 Bxc2
28. Qxc2 Bd8 29. Ra8 Qb5 30. Ng5 Qxd5 31. Qc8 Re8 32. Ne6 Qxe6 33. Qxe6 Rxe6
34. Rxd8+ Re8 35. Rxd6 Rb8 36. Rb6 Rxb6 37. Bxb6 Kg8 38. Bc7 e4 39. Be5 Nd5 40.
g3 Kf7 41. f3 exf3 42. Kf2 g6 43. Kxf3 h5 44. Ke4 Ke6 45. Bf4 Ne7 46. b4 Nd5
47. Bd2 Nc7 48. Kd4 Kd7 49. Ke5 Ne8 50. h4 1-0

[Event "3FoglarVeterans_SIM_C"]
[Site "?"]
[Date "2007.??.??"]
[Round "?"]
[White "Colucci, Pasguale"]
[Black "Schwarz, Jan"]
[Result "1-0"]
[WhiteElo "2318"]
[BlackElo "2308"]
[PlyCount "95"]
[EventDate "2007.??.??"]
[EventType "corr"]
[SourceDate "2007.05.17"]

1. e4 e5 2. Nf3 Nc6 3. Bb5 a6 4. Bxc6 dxc6 5. O-O Qd6 6. Na3 Be6 7. Qe2 Ne7 8.
Nc4 Bxc4 9. Qxc4 c5 10. d3 Nc6 11. Ng5 Qg6 12. f4 b5 13. Qc3 Bd6 14. f5 Qh5 15.
Be3 Nd4 16. Rae1 O-O 17. Qd2 f6 18. Bxd4 exd4 19. Nh3 Rfe8 20. Nf4 Bxf4 21.
Qxf4 Re5 22. Rf3 Qg5 23. Qxg5 fxg5 24. f6 g6 25. f7+ Kf8 26. Rf6 c4 27. Rc6 Ra7
28. Rf1 cxd3 29. cxd3 Re7 30. Rf3 g4 31. Rf4 Rxf7 32. Rxg4 Rd7 33. Kf2 Rd6 34.
Rc5 b4 35. e5 Rd8 36. Rf4+ Ke8 37. Kf3 a5 38. Ke4 a4 39. Rc4 b3 40. a3 Ra5 41.
Rxc7 Rdd5 42. Rff7 Rxe5+ 43. Kxd4 Rh5 44. h3 Rh4+ 45. Kc3 Rg5 46. Rf2 Rb5 47.
Rc4 Rhh5 48. Rxa4 1-0

[Event "3FoglarVeterans_SIM_C"]
[Site "?"]
[Date "2007.??.??"]
[Round "?"]
[White "Quattrocchi, Gaetano"]
[Black "Zundel, Werner"]
[Result "1/2-1/2"]
[WhiteElo "2283"]
[BlackElo "2286"]
[PlyCount "82"]
[EventDate "2007.??.??"]
[EventType "corr"]
[SourceDate "2007.05.17"]

1. e4 e5 2. Nf3 Nc6 3. Bb5 a6 4. Ba4 Nf6 5. O-O Be7 6. Re1 b5 7. Bb3 d6 8. c3
O-O 9. h3 Bb7 10. d4 Re8 11. Nbd2 Bf8 12. a4 h6 13. Bc2 exd4 14. cxd4 Nb4 15.
Bb1 c5 16. d5 Nd7 17. Ra3 f5 18. Nh2 Qe7 19. Rae3 f4 20. R3e2 c4 21. b3 Ne5 22.
bxc4 bxc4 23. Nxc4 Nxc4 24. Qb3 a5 25. Qxc4 Ba6 26. Qb3 Bxe2 27. Rxe2 g5 28. e5
dxe5 29. Bg6 Qd6 30. Bxe8 Rxe8 31. Qb1 Bg7 32. Ba3 Qxd5 33. Bxb4 axb4 34. Qxb4
e4 35. a5 e3 36. fxe3 fxe3 37. Nf3 Bf8 38. Qa4 Re6 39. Kh1 Bc5 40. Re1 Qe4 41.
Qb3 Ba7 1/2-1/2

[Event "3FoglarVeterans_SIM_C"]
[Site "?"]
[Date "2007.??.??"]
[Round "?"]
[White "Kasik, Miroslav"]
[Black "Koch, Hans"]
[Result "0-1"]
[WhiteElo "2232"]
[BlackElo "2311"]
[PlyCount "90"]
[EventDate "2007.??.??"]
[EventType "corr"]
[SourceDate "2007.05.17"]

1. e4 e5 2. Nf3 Nc6 3. Bb5 a6 4. Ba4 Nf6 5. O-O Be7 6. d4 exd4 7. Re1 b5 8. Bb3
d6 9. Bd5 Nxd5 10. exd5 Ne5 11. Nxd4 O-O 12. Nc3 Bf6 13. Ne4 Bd7 14. Bd2 Bh4
15. Bc3 f5 16. Ng3 f4 17. Ne4 Qe8 18. Nf3 Nxf3+ 19. Qxf3 Qg6 20. Nd2 Rae8 21.
a3 Bg4 22. Qd3 Bf5 23. Qf3 Rxe1+ 24. Rxe1 Bxc2 25. Re6 Qf5 26. Bd4 Qd3 27. Bc3
Bf6 28. Qxd3 Bxd3 29. Bxf6 Rxf6 30. Rxf6 gxf6 31. g3 f3 32. h3 Bg6 33. g4 Bf7
34. Ne4 Kg7 35. Nc3 f5 36. Kh2 f4 37. h4 h5 38. gxh5 Kh6 39. Kh3 Kxh5 40. Ne4
a5 41. b4 a4 42. Nc3 Be8 43. Ne4 Bd7+ 44. Kh2 Kxh4 45. Nf6 c5 0-1

[Event "3FoglarVeterans_SIM_C"]
[Site "?"]
[Date "2007.??.??"]
[Round "?"]
[White "Guskov, Viktor"]
[Black "Janosi, Ervin"]
[Result "1/2-1/2"]
[WhiteElo "2311"]
[BlackElo "2323"]
[PlyCount "149"]
[EventDate "2007.??.??"]
[EventType "corr"]
[SourceDate "2007.05.17"]

1. e4 c5 2. Nf3 Nc6 3. Bb5 d6 4. O-O Bd7 5. Re1 Nf6 6. c3 a6 7. Bf1 Bg4 8. h3
Bxf3 9. Qxf3 g6 10. d3 Bg7 11. Be3 O-O 12. Nd2 Nd7 13. Qd1 b5 14. a3 e6 15. Nf3
Nb6 16. Rc1 Rc8 17. b4 Qe7 18. Qd2 f5 19. Be2 Nd7 20. exf5 gxf5 21. Bd1 e5 22.
Bb3+ Kh8 23. Bg5 Qe8 24. a4 Qg6 25. axb5 axb5 26. Nh4 Qe8 27. Ba2 f4 28. Nf3
Qg6 29. Kh2 e4 30. Rxe4 Nce5 31. Rg1 c4 32. Bb1 cxd3 33. Rxf4 Nf6 34. Bxf6 Bxf6
35. Kh1 Qh6 36. Rd4 Qxd2 37. Nxd2 Nf7 38. Rxd3 Bxc3 39. Ne4 Bxb4 40. Rb3 Rc4
41. Rd1 Rb8 42. f3 Bc5 43. Bd3 Rb4 44. Nxc5 dxc5 45. Rxb4 cxb4 46. Rb1 Rd8 47.
Bxb5 Rb8 48. Bc4 Ne5 49. Bd5 Nd3 50. Kg1 Kg7 51. Rd1 Nc5 52. Rc1 Rb5 53. Bc6
Ra5 54. Rc4 b3 55. Rb4 h5 56. Bd5 Ra1+ 57. Kh2 Rd1 58. Bxb3 Rb1 59. Rb5 Nxb3
60. Rxh5 Rf1 61. Rd5 Nc1 62. Rd2 Nb3 63. Rd7+ Kg6 64. h4 Rf2 65. Rd3 Nd2 66.
Kg3 Re2 67. Rd6+ Kg7 68. h5 Nf1+ 69. Kh3 Rf2 70. Rg6+ Kf7 71. Rg5 Ne3 72. h6
Rb2 73. Kh2 Nxg2 74. Rxg2 Rb6 75. Rg7+ 1/2-1/2

[Event "3FoglarVeterans_SIM_C"]
[Site "?"]
[Date "2007.??.??"]
[Round "?"]
[White "Shapiro, Vladislav"]
[Black "Olano Aizpurua, Jose"]
[Result "1-0"]
[WhiteElo "2358"]
[BlackElo "2337"]
[PlyCount "59"]
[EventDate "2007.??.??"]
[EventType "corr"]
[SourceDate "2007.05.17"]

1. d4 Nf6 2. c4 g6 3. Nc3 Bg7 4. e4 d6 5. Nf3 O-O 6. Be2 e5 7. O-O Nc6 8. d5
Ne7 9. b4 Nh5 10. Re1 a5 11. bxa5 Rxa5 12. Nd2 Nf4 13. Bf1 c5 14. a4 h6 15. Ra3
Ra6 16. Nb5 Bd7 17. g3 Nh5 18. Bb2 Be8 19. Be2 Nf6 20. f4 Nd7 21. Qa1 f5 22.
Rf1 Rf7 23. Nxd6 Rxd6 24. fxe5 Rb6 25. Bc3 Rf8 26. a5 Ra6 27. e6 Nf6 28. g4 Kh8
29. h4 Qc7 30. Be5 1-0

[Event "3FoglarVeterans_SIM_C"]
[Site "?"]
[Date "2007.??.??"]
[Round "?"]
[White "Janosi, Ervin"]
[Black "Shapiro, Vladislav"]
[Result "1/2-1/2"]
[WhiteElo "2323"]
[BlackElo "2358"]
[PlyCount "58"]
[EventDate "2007.??.??"]
[EventType "corr"]
[SourceDate "2007.05.17"]

1. e4 c5 2. Nf3 d6 3. d4 cxd4 4. Nxd4 Nf6 5. Nc3 a6 6. Be3 e6 7. g4 b5 8. g5
Nfd7 9. a3 Nb6 10. h4 N8d7 11. h5 Ne5 12. Bg2 Bb7 13. f4 Nec4 14. Bc1 d5 15. e5
Rc8 16. h6 g6 17. Nce2 Nd7 18. O-O Be7 19. b3 Ncb6 20. Qe1 O-O 21. Bb2 Nc5 22.
Bc3 Re8 23. Rd1 Qc7 24. Ba5 Ncd7 25. Ra1 Nc5 26. c3 Nd3 27. Qg3 Nc5 28. Rad1
Ncd7 29. Rd2 Nc5 1/2-1/2

[Event "3FoglarVeterans_SIM_C"]
[Site "?"]
[Date "2007.??.??"]
[Round "?"]
[White "Koch, Hans"]
[Black "Guskov, Viktor"]
[Result "1/2-1/2"]
[WhiteElo "2311"]
[BlackElo "2311"]
[PlyCount "50"]
[EventDate "2007.??.??"]
[EventType "corr"]
[SourceDate "2007.05.17"]

1. e4 d6 2. d4 Nf6 3. Nc3 g6 4. Nf3 Bg7 5. h3 O-O 6. Be3 c6 7. a4 d5 8. e5 Ne4
9. Bd3 Nxc3 10. bxc3 c5 11. Qd2 Nc6 12. O-O c4 13. Be2 f6 14. Bf4 Bf5 15. Rfb1
b6 16. Rb5 Qd7 17. exf6 exf6 18. Nh2 Be6 19. Nf1 Rad8 20. Bf3 Na5 21. Re1 Bf7
22. g4 Rfe8 23. Ne3 Qc6 24. Reb1 Rd7 25. h4 Red8 1/2-1/2

[Event "3FoglarVeterans_SIM_C"]
[Site "?"]
[Date "2007.??.??"]
[Round "?"]
[White "Zundel, Werner"]
[Black "Kasik, Miroslav"]
[Result "1-0"]
[WhiteElo "2286"]
[BlackElo "2232"]
[PlyCount "39"]
[EventDate "2007.??.??"]
[EventType "corr"]
[SourceDate "2007.05.17"]

1. e4 e5 2. Nf3 Nc6 3. Bb5 Nf6 4. O-O Bc5 5. c3 Bb6 6. d4 O-O 7. Bg5 h6 8. Bh4
g5 9. Nxg5 hxg5 10. Bxg5 Re8 11. f4 Nxd4 12. cxd4 Bxd4+ 13. Kh1 a6 14. Bc4 d5
15. Bxd5 Bxb2 16. Nd2 Bg4 17. Qb3 Bxa1 18. Bxf7+ Kg7 19. Bxe8 Qxe8 20. Rxa1 1-0

[Event "3FoglarVeterans_SIM_C"]
[Site "?"]
[Date "2007.??.??"]
[Round "?"]
[White "Schwarz, Jan"]
[Black "Quattrocchi, Gaetano"]
[Result "1/2-1/2"]
[WhiteElo "2308"]
[BlackElo "2283"]
[PlyCount "69"]
[EventDate "2007.??.??"]
[EventType "corr"]
[SourceDate "2007.05.17"]

1. e4 e5 2. Nf3 Nc6 3. Bb5 a6 4. Ba4 d6 5. O-O Bg4 6. h3 h5 7. Bxc6+ bxc6 8. d4
Bxf3 9. Qxf3 exd4 10. e5 Qd7 11. Re1 d5 12. c3 Bc5 13. Nd2 dxc3 14. bxc3 Ne7
15. Nb3 Bb6 16. Nd4 Bxd4 17. cxd4 c5 18. e6 fxe6 19. dxc5 g6 20. Bb2 Rf8 21.
Qg3 Qc6 22. Qe3 Rb8 23. Re2 Rb4 24. Rc1 Re4 25. Qd2 Rxe2 26. Qxe2 Rf4 27. Qe5
Rc4 28. Rd1 Re4 29. Qg7 Qxc5 30. Bd4 Qb4 31. Bc3 Qa3 32. Rb1 Kd7 33. Bf6 Qc5
34. Kh2 a5 35. Rb8 1/2-1/2

[Event "3FoglarVeterans_SIM_C"]
[Site "?"]
[Date "2007.??.??"]
[Round "?"]
[White "Novak, Vratislav"]
[Black "Colucci, Pasguale"]
[Result "1-0"]
[WhiteElo "2289"]
[BlackElo "2318"]
[PlyCount "53"]
[EventDate "2007.??.??"]
[EventType "corr"]
[SourceDate "2007.05.17"]

1. e4 c5 2. Nf3 d6 3. b3 Nc6 4. d4 cxd4 5. Nxd4 Nf6 6. Nxc6 bxc6 7. Bd3 g6 8.
Bb2 Bg7 9. O-O O-O 10. Nd2 Be6 11. f4 d5 12. Qe1 Qa5 13. f5 dxe4 14. fxe6 exd3
15. cxd3 Qd5 16. Rc1 fxe6 17. Nf3 Nh5 18. Bxg7 Nxg7 19. d4 Nf5 20. Rc5 Qd6 21.
Rc4 Rac8 22. Rf2 Rf6 23. Re2 Ng7 24. Rec2 Nf5 25. h3 Rff8 26. Ng5 Ng7 27. Re2
1-0

[Event "3FoglarVeterans_SIM_C"]
[Site "?"]
[Date "2007.??.??"]
[Round "?"]
[White "Pecka, Josef"]
[Black "Grabner, Helmut"]
[Result "0-1"]
[WhiteElo "2330"]
[BlackElo "2319"]
[PlyCount "112"]
[EventDate "2007.??.??"]
[EventType "corr"]
[SourceDate "2007.05.17"]

1. e4 c5 2. Nf3 d6 3. d4 cxd4 4. Nxd4 Nf6 5. Nc3 Nc6 6. Bg5 Bd7 7. Qd2 Rc8 8.
O-O-O Nxd4 9. Qxd4 Qa5 10. Bd2 a6 11. f3 g6 12. h4 Bg7 13. h5 gxh5 14. Kb1 Qc7
15. Bd3 Rg8 16. Qf2 Qc5 17. Be3 Qe5 18. f4 Qe6 19. Qe1 Bc6 20. Bd2 Rd8 21. e5
dxe5 22. fxe5 Ng4 23. Rxh5 Nxe5 24. Bxh7 Rh8 25. Bc1 Rxd1 26. Nxd1 Qd6 27. Nf2
Bxg2 28. Qg1 Qc6 29. Qh2 Bf3 30. Rh3 Bf6 31. a3 Nd7 32. Qg1 Nf8 33. Bf5 Rxh3
34. Bxh3 Bd4 35. Qg3 e6 36. Qb8+ Ke7 37. Nd3 Be4 38. Qf4 Ng6 39. Qg4 Qd5 40.
Nb4 Qf5 41. Qe2 Qf3 42. Qc4 Be5 43. Nd3 Bxd3 44. Qxd3 Qh1 45. Bf1 Bf4 46. Qh3
Qxh3 47. Bxh3 Bxc1 48. Kxc1 Nh4 49. c4 Kd6 50. b4 f5 51. Kd2 e5 52. c5+ Kd5 53.
Ke3 Kc4 54. Kf2 Kb3 55. Kg3 Ng6 56. Bxf5 Ne7 0-1

[Event "3FoglarVeterans_SIM_C"]
[Site "?"]
[Date "2007.??.??"]
[Round "?"]
[White "Vrbica, Ladislav"]
[Black "Kuta, Jiri"]
[Result "1/2-1/2"]
[WhiteElo "2348"]
[BlackElo "2349"]
[PlyCount "43"]
[EventDate "2007.??.??"]
[EventType "corr"]
[SourceDate "2007.05.17"]

1. c4 e5 2. Nc3 Nf6 3. Nf3 Nc6 4. a3 d5 5. cxd5 Nxd5 6. Qc2 Be7 7. e3 a6 8. Be2
O-O 9. b4 Be6 10. Bb2 Nxc3 11. dxc3 f5 12. c4 e4 13. Nd4 Nxd4 14. Bxd4 Bf6 15.
Rd1 Bxd4 16. Rxd4 Qe7 17. c5 Rfd8 18. Rxd8+ Rxd8 19. O-O Qf6 20. g3 Qe5 21. a4
Kf7 22. Rc1 1/2-1/2

[Event "3FoglarVeterans_SIM_C"]
[Site "?"]
[Date "2007.??.??"]
[Round "?"]
[White "Grabner, Helmut"]
[Black "Vrbica, Ladislav"]
[Result "1-0"]
[WhiteElo "2319"]
[BlackElo "2348"]
[PlyCount "71"]
[EventDate "2007.??.??"]
[EventType "corr"]
[SourceDate "2007.05.17"]

1. e4 e5 2. Nf3 Nf6 3. Nxe5 d6 4. Nf3 Nxe4 5. d4 d5 6. Bd3 Nc6 7. O-O Be7 8. c4
Nb4 9. Be2 O-O 10. Nc3 Bf5 11. a3 Nxc3 12. bxc3 Nc6 13. Re1 Re8 14. cxd5 Qxd5
15. Bf4 Rac8 16. Bd3 b5 17. Qb1 Bxd3 18. Qxd3 a6 19. Re3 Bd6 20. Ng5 g6 21.
Rae1 Rxe3 22. Qxe3 Kg7 23. Qh3 Rh8 24. Nxf7 Bxf4 25. Nxh8 Kxh8 26. g3 Bd2 27.
Re2 Bc1 28. Qc8+ Kg7 29. Qxc7+ Kh6 30. h4 Bxa3 31. g4 Ne7 32. Rxe7 Bxe7 33.
Qxe7 Qf3 34. g5+ Kh5 35. Qxh7+ Kg4 36. Qxg6 1-0

[Event "3FoglarVeterans_SIM_C"]
[Site "?"]
[Date "2007.??.??"]
[Round "?"]
[White "Colucci, Pasguale"]
[Black "Pecka, Josef"]
[Result "1/2-1/2"]
[WhiteElo "2318"]
[BlackElo "2330"]
[PlyCount "49"]
[EventDate "2007.??.??"]
[EventType "corr"]
[SourceDate "2007.05.17"]

1. e4 e6 2. d4 d5 3. Nc3 Bb4 4. exd5 exd5 5. Bd3 Nc6 6. a3 Bxc3+ 7. bxc3 Nf6 8.
Ne2 O-O 9. O-O Na5 10. Ng3 Bg4 11. f3 Bd7 12. Bf4 Re8 13. Re1 Rxe1+ 14. Qxe1
Nc4 15. Bxc4 dxc4 16. Qe5 Qe8 17. Qc5 Qe6 18. Qxc7 Nd5 19. Qd6 Nxc3 20. Qxe6
Bxe6 21. Bd2 Nd5 22. c3 b5 23. Ne4 a5 24. Kf2 Bd7 25. Re1 1/2-1/2

[Event "3FoglarVeterans_SIM_C"]
[Site "?"]
[Date "2007.??.??"]
[Round "?"]
[White "Quattrocchi, Gaetano"]
[Black "Novak, Vratislav"]
[Result "1/2-1/2"]
[WhiteElo "2283"]
[BlackElo "2289"]
[PlyCount "40"]
[EventDate "2007.??.??"]
[EventType "corr"]
[SourceDate "2007.05.17"]

1. e4 e5 2. Nf3 Nc6 3. Bb5 a6 4. Ba4 Nf6 5. O-O Be7 6. Re1 b5 7. Bb3 d6 8. c3
O-O 9. h3 Na5 10. Bc2 c5 11. d4 Nd7 12. Nbd2 exd4 13. cxd4 Nc6 14. d5 Nce5 15.
Nxe5 Nxe5 16. f4 Ng6 17. Nf3 Bh4 18. Nxh4 Qxh4 19. f5 Ne5 20. Kh2 Bd7 1/2-1/2

[Event "3FoglarVeterans_SIM_C"]
[Site "?"]
[Date "2007.??.??"]
[Round "?"]
[White "Kasik, Miroslav"]
[Black "Schwarz, Jan"]
[Result "1/2-1/2"]
[WhiteElo "2232"]
[BlackElo "2308"]
[PlyCount "46"]
[EventDate "2007.??.??"]
[EventType "corr"]
[SourceDate "2007.05.17"]

1. e4 e5 2. Nf3 Nc6 3. Bb5 a6 4. Ba4 Nf6 5. O-O Be7 6. d4 exd4 7. Re1 b5 8. Bb3
d6 9. Bd5 Nxd5 10. exd5 Ne5 11. Nxd4 O-O 12. Nc3 Re8 13. a4 b4 14. Na2 a5 15.
c3 Bh4 16. cxb4 Bb7 17. Nc2 Qf6 18. Rf1 c5 19. b5 c4 20. Nc3 Nd3 21. Be3 Nxb2
22. Qg4 Bc8 23. Qd4 Bf5 1/2-1/2

[Event "3FoglarVeterans_SIM_C"]
[Site "?"]
[Date "2007.??.??"]
[Round "?"]
[White "Guskov, Viktor"]
[Black "Zundel, Werner"]
[Result "1/2-1/2"]
[WhiteElo "2311"]
[BlackElo "2286"]
[PlyCount "92"]
[EventDate "2007.??.??"]
[EventType "corr"]
[SourceDate "2007.05.17"]

1. e4 e5 2. Nf3 Nc6 3. Bb5 a6 4. Ba4 Nf6 5. O-O Be7 6. Re1 b5 7. Bb3 O-O 8. c3
d6 9. a3 Be6 10. d4 Bxb3 11. Qxb3 Re8 12. Qc2 Bf8 13. d5 Ne7 14. Bg5 Ng6 15.
Bxf6 Qxf6 16. Nbd2 Qd8 17. a4 Qd7 18. g3 Be7 19. Qd3 Reb8 20. b4 c6 21. Ra2 Rc8
22. Rea1 Rab8 23. axb5 axb5 24. Ra7 Qg4 25. dxc6 Rxc6 26. Ra8 Rcc8 27. Rxb8
Rxb8 28. Qd5 Qc8 29. Ra5 Qxc3 30. Rxb5 Rxb5 31. Qxb5 d5 32. exd5 Qxb4 33. Qd3
h6 34. Nc4 Bc5 35. Kg2 Qb8 36. Nfd2 Qb7 37. Nb3 Bd4 38. Qf3 Qc8 39. Nba5 Qc5
40. d6 Qc8 41. Nd2 Qe6 42. Qc6 Nf8 43. Nac4 Nd7 44. Nb3 g5 45. h3 Qf5 46. Qf3
Qe6 1/2-1/2

[Event "3FoglarVeterans_SIM_C"]
[Site "?"]
[Date "2007.??.??"]
[Round "?"]
[White "Shapiro, Vladislav"]
[Black "Koch, Hans"]
[Result "1/2-1/2"]
[WhiteElo "2358"]
[BlackElo "2311"]
[PlyCount "56"]
[EventDate "2007.??.??"]
[EventType "corr"]
[SourceDate "2007.05.17"]

1. d4 f5 2. g3 Nf6 3. Bg2 g6 4. Nf3 Bg7 5. O-O O-O 6. c4 d6 7. Nc3 Qe8 8. d5 a5
9. Be3 Na6 10. Qc1 Ng4 11. Bd4 Bh6 12. Ng5 c5 13. dxc6 bxc6 14. h3 Nf6 15. Qd2
Rb8 16. b3 c5 17. Be3 Bg7 18. Rac1 Nc7 19. Na4 Rb4 20. Qd3 h6 21. Nf3 Ne4 22.
Nd2 Ng5 23. Bxg5 hxg5 24. Nc3 Bf6 25. Rce1 Qd8 26. e4 Kg7 27. exf5 gxf5 28.
Ndb1 e6 1/2-1/2

[Event "3FoglarVeterans_SIM_C"]
[Site "?"]
[Date "2007.??.??"]
[Round "?"]
[White "Olano Aizpurua, Jose"]
[Black "Janosi, Ervin"]
[Result "1/2-1/2"]
[WhiteElo "2337"]
[BlackElo "2323"]
[PlyCount "103"]
[EventDate "2007.??.??"]
[EventType "corr"]
[SourceDate "2007.05.17"]

1. e4 c5 2. Nf3 Nc6 3. d4 cxd4 4. Nxd4 Nf6 5. Nc3 e5 6. Ndb5 d6 7. Bg5 a6 8.
Na3 b5 9. Bxf6 gxf6 10. Nd5 f5 11. Bd3 Be6 12. O-O Bxd5 13. exd5 Ne7 14. Re1
Bg7 15. c3 O-O 16. Qh5 e4 17. Bf1 Re8 18. Rad1 Rc8 19. Re3 Rc5 20. c4 bxc4 21.
Rh3 h6 22. Nxc4 e3 23. Rxe3 Qc7 24. b3 a5 25. g3 Rb8 26. Bg2 a4 27. Rde1 Bf8
28. Qd1 Ng6 29. f4 axb3 30. axb3 Kh7 31. R1e2 Rcb5 32. h3 Qb7 33. Kh2 Rxb3 34.
Na5 Rb1 35. Qc2 Qc8 36. Nc6 R8b2 37. Qd3 Rb3 38. Qc4 Rxe3 39. Rxe3 Rb2 40. Re2
Rxe2 41. Qxe2 Qd7 42. h4 Kg8 43. Qd3 Ne7 44. Nxe7+ Qxe7 45. Qxf5 Qe2 46. Kh3
Kg7 47. Qg4+ Qxg4+ 48. Kxg4 Be7 49. Kf5 h5 50. Bf3 Kh6 51. Be2 Bd8 52. Bb5
1/2-1/2

[Event "3FoglarVeterans_SIM_C"]
[Site "?"]
[Date "2007.??.??"]
[Round "?"]
[White "Koch, Hans"]
[Black "Olano Aizpurua, Jose"]
[Result "1-0"]
[WhiteElo "2311"]
[BlackElo "2337"]
[PlyCount "111"]
[EventDate "2007.??.??"]
[EventType "corr"]
[SourceDate "2007.05.17"]

1. e4 c5 2. Nf3 d6 3. d4 cxd4 4. Nxd4 Nf6 5. Nc3 a6 6. Be2 e5 7. Nb3 Be7 8. O-O
O-O 9. Kh1 Nc6 10. f3 Be6 11. Nd5 a5 12. Be3 a4 13. Nc1 Bxd5 14. exd5 Nd4 15.
c4 Nd7 16. Bd3 Bf6 17. Rb1 g6 18. Ne2 Bg7 19. Bc2 Qc7 20. Bxd4 exd4 21. Bxa4 d3
22. Ng3 Rfc8 23. Bxd7 Qxd7 24. Qxd3 Rxa2 25. Qb3 Ra6 26. Ne4 Qc7 27. Rfc1 h6
28. g3 f5 29. Nf2 Ra5 30. Nd3 g5 31. Kg2 Bf6 32. Nf2 Bg7 33. Qd3 Qf7 34. Rc2
Re8 35. b4 Ra4 36. c5 dxc5 37. d6 b6 38. Qb5 Ra7 39. bxc5 bxc5 40. Rxc5 Rf8 41.
Rd5 Rd7 42. Rbd1 Kh7 43. R1d2 Kh8 44. Nd3 g4 45. Nf4 gxf3+ 46. Kxf3 Kg8 47. Kg2
Rb7 48. Qd3 Rd7 49. Re2 Bh8 50. Re7 Rxe7 51. dxe7 Qxe7 52. Ng6 Qe4+ 53. Qxe4
fxe4 54. Nxf8 Kxf8 55. Rd8+ Ke7 56. Rxh8 1-0

[Event "3FoglarVeterans_SIM_C"]
[Site "?"]
[Date "2007.??.??"]
[Round "?"]
[White "Zundel, Werner"]
[Black "Shapiro, Vladislav"]
[Result "1-0"]
[WhiteElo "2286"]
[BlackElo "2358"]
[PlyCount "73"]
[EventDate "2007.??.??"]
[EventType "corr"]
[SourceDate "2007.05.17"]

1. e4 c5 2. Nf3 d6 3. d4 cxd4 4. Nxd4 Nf6 5. Nc3 a6 6. Be3 e6 7. f3 b5 8. Qd2
Nbd7 9. g4 Nb6 10. g5 Nfd7 11. a4 Nc4 12. Bxc4 bxc4 13. f4 Qc7 14. O-O Be7 15.
f5 Ne5 16. Qg2 Rb8 17. Rab1 Bd8 18. Qg3 O-O 19. f6 Kh8 20. fxg7+ Kxg7 21. Nf3
Nc6 22. Kh1 Be7 23. Nd2 Qa5 24. Rf3 Qe5 25. Qf2 Kg8 26. Nxc4 Qg7 27. Rd1 Rb4
28. Nxd6 Rxb2 29. Bc5 Ne5 30. Rg3 Nc6 31. e5 Qg6 32. Nce4 Rd8 33. Rc1 Bxd6 34.
Nf6+ Kg7 35. exd6 e5 36. h4 Qf5 37. Rf3 1-0

[Event "3FoglarVeterans_SIM_C"]
[Site "?"]
[Date "2007.??.??"]
[Round "?"]
[White "Schwarz, Jan"]
[Black "Guskov, Viktor"]
[Result "1/2-1/2"]
[WhiteElo "2308"]
[BlackElo "2311"]
[PlyCount "106"]
[EventDate "2007.??.??"]
[EventType "corr"]
[SourceDate "2007.05.17"]

1. e4 c5 2. Nf3 d6 3. d4 cxd4 4. Nxd4 Nf6 5. Nc3 a6 6. Bg5 e6 7. f4 Qb6 8. Qd2
Qxb2 9. Rb1 Qa3 10. e5 dxe5 11. fxe5 Nfd7 12. Ne4 h6 13. Bh4 Qxa2 14. Rd1 Qd5
15. Qe3 Qxe5 16. Be2 Bc5 17. Bg3 Bxd4 18. Rxd4 Qa5+ 19. Rd2 O-O 20. Bd6 Rd8 21.
Be7 Re8 22. Ba3 Nc6 23. O-O Qb6 24. Qxb6 Nxb6 25. Rxf7 Kxf7 26. Nd6+ Kg8 27.
Nxe8 Bd7 28. Nd6 Rb8 29. c4 Nc8 30. Nxc8 Bxc8 31. Bf3 a5 32. Kf2 a4 33. Ke3 Ra8
34. Bxc6 bxc6 35. Rd8+ Kh7 36. Kf4 Bb7 37. Rxa8 Bxa8 38. Ke5 Bb7 39. Kxe6 Ba6
40. c5 Bc4+ 41. Kf5 Bd3+ 42. Ke6 Kg6 43. Bc1 Kh5 44. Kf7 g6 45. Kg7 Be4 46. g3
g5 47. Bb2 Kg4 48. Kxh6 Kf5 49. h4 gxh4 50. gxh4 Ke6 51. Kg7 Kd5 52. Kf6 Kxc5
53. Ke5 Bf3 1/2-1/2

[Event "3FoglarVeterans_SIM_C"]
[Site "?"]
[Date "2007.??.??"]
[Round "?"]
[White "Novak, Vratislav"]
[Black "Kasik, Miroslav"]
[Result "1/2-1/2"]
[WhiteElo "2289"]
[BlackElo "2232"]
[PlyCount "45"]
[EventDate "2007.??.??"]
[EventType "corr"]
[SourceDate "2007.05.17"]

1. e4 e5 2. Nf3 Nf6 3. Nxe5 d6 4. Nf3 Nxe4 5. d4 d5 6. Bd3 Bd6 7. O-O O-O 8. c4
Bg4 9. cxd5 Nf6 10. Nc3 Nbd7 11. Bc2 Bh5 12. Bf5 Nb6 13. Qd3 Bxf3 14. Qxf3
Nfxd5 15. Re1 c6 16. g3 g6 17. Bd3 Qf6 18. Qxf6 Nxf6 19. Bg5 Nbd5 20. Re2 Rfe8
21. Rae1 Rxe2 22. Rxe2 Bf8 23. Bc2 1/2-1/2

[Event "3FoglarVeterans_SIM_C"]
[Site "?"]
[Date "2007.??.??"]
[Round "?"]
[White "Pecka, Josef"]
[Black "Quattrocchi, Gaetano"]
[Result "1/2-1/2"]
[WhiteElo "2330"]
[BlackElo "2283"]
[PlyCount "35"]
[EventDate "2007.??.??"]
[EventType "corr"]
[SourceDate "2007.05.17"]

1. e4 e5 2. f4 exf4 3. Bc4 Nf6 4. Nc3 c6 5. Bb3 d5 6. exd5 cxd5 7. d4 Bd6 8.
Nge2 O-O 9. Bxf4 Bxf4 10. Nxf4 Re8+ 11. Nfe2 Ng4 12. O-O Ne3 13. Qd3 Nxf1 14.
Rxf1 Be6 15. Nf4 Nc6 16. Ncxd5 Rc8 17. c3 Bxd5 18. Nxd5 1/2-1/2